| 000 | 01054 a2200241 4500 | ||
|---|---|---|---|
| 020 | _a038723697X | ||
| 040 |
_aDLC _bDLC |
||
| 082 | 0 | 0 | _a621.382/1 |
| 100 | 1 | _aComaniciu, Cristina. | |
| 245 | 1 | 0 |
_aWireless networks: multiuser detection in cross-layer design _bmultiuser detection in cross-layer design _cCristina Comaniciu, Narayan B. Mandayam, H. Vincent Poor. |
| 260 |
_aNew York : _bSpringer, _c2005. |
||
| 300 |
_axvii, 202 p. : _bill. ; _c23 cm. |
||
| 440 | 0 | _aInformation technology--transmission, processing, and storage | |
| 650 | 0 | _aMultiuser detection (Telecommunication) | |
| 650 | 0 |
_aWireless communication systems _xSecurity measures. |
|
| 650 | 0 |
_aComputer networks _xSecurity measures. |
|
| 650 | 0 | _aDemodulation (Electronics) | |
| 700 | 1 | _aMandayam, Narayan B. | |
| 700 | 1 | _aPoor, H. Vincent. | |
| 856 | 4 | 2 |
_3Publisher description _uhttp://www.loc.gov/catdir/enhancements/fy0663/2004062634-d.html |
| 856 | 4 | 2 |
_3Table of contents only _uhttp://www.loc.gov/catdir/enhancements/fy0823/2004062634-t.html |
| 942 |
_cBK _k621.3821 COM _2ddc |
||
| 999 |
_c8230 _d8230 |
||